| 000 | 00634nam a2200217Ia 4500 | ||
|---|---|---|---|
| 005 | 20250508165903.0 | ||
| 008 | 008 250505s9999 xx 000 0 eng d | ||
| 020 | _a978-1-138-10636-9 | ||
| 037 | _aTextual | ||
| 040 |
_aFEDL _beng _cFEDL |
||
| 041 |
_aeng _2eng |
||
| 084 |
_a371.1, AKK _qFEDL |
||
| 100 |
_aAkker Jan Van Den Ed. _9778722 |
||
| 245 | 0 | _aEducational design research | |
| 260 |
_aNew Delhi, India _bManohar _c2006 |
||
| 300 | _axi,163p. | ||
| 365 |
_aINR _b695 |
||
| 700 |
_a Gravemeijer Koeno Ed. McKenney Susan and others Ed. _9782318 |
||
| 942 |
_cTEXL _h371.1, AKK |
||
| 999 |
_c1398011 _d1398011 |
||